Proportion, causes and patient characteristics of injury and road traffic injury patients along with study of injury pattern, outcome and human factors in road traffic injury patients admitted under surgery at Guru Teg Bahadur Hospital - University Colleg (Record no. 880292)
[ view plain ]
| 000 -LEADER | |
|---|---|
| fixed length control field | 01073nam a2200277Ia 4500 |
| 003 - CONTROL NUMBER IDENTIFIER | |
| control field | OSt |
| 005 - DATE AND TIME OF LATEST TRANSACTION | |
| control field | 20220930090246.0 |
| 008 - FIXED-LENGTH DATA ELEMENTS--GENERAL INFORMATION | |
| fixed length control field | 220926b |||||||| |||| 00| 0 eng d |
| 037 ## - SOURCE OF ACQUISITION | |
| Terms of availability | Theses |
| 040 ## - CATALOGING SOURCE | |
| Original cataloging agency | CRL |
| Transcribing agency | CRL |
| Language of cataloging | eng |
| 041 ## - LANGUAGE CODE | |
| Source of code | eng |
| Language code of text/sound track or separate title | eng |
| 100 ## - MAIN ENTRY--PERSONAL NAME | |
| Personal name | Manoj Kumar |
| 9 (RLIN) | 405412 |
| 110 ## - MAIN ENTRY--CORPORATE NAME | |
| Corporate name or jurisdiction name as entry element | University of Delhi. Faculty of Medical Sciences. Department of Surgery |
| 245 #0 - TITLE STATEMENT | |
| Title | Proportion, causes and patient characteristics of injury and road traffic injury patients along with study of injury pattern, outcome and human factors in road traffic injury patients admitted under surgery at Guru Teg Bahadur Hospital - University Colleg |
| 260 ## - PUBLICATION, DISTRIBUTION, ETC. | |
| Date of publication, distribution, etc. | 2008 |
| 300 ## - PHYSICAL DESCRIPTION | |
| Extent | vp |
| -- | p. |
| Dimensions | cm. |
| 650 ## - SUBJECT ADDED ENTRY--TOPICAL TERM | |
| Topical term or geographic name entry element | SURGERY |
| 700 ## - ADDED ENTRY--PERSONAL NAME | |
| Personal name | Dr. Sanjay Chaturvedi Gu. |
| 9 (RLIN) | 535926 |
| 700 ## - ADDED ENTRY--PERSONAL NAME | |
| Personal name | Dr. Sunil Kumar Gu. |
| 9 (RLIN) | 532243 |
| 700 ## - ADDED ENTRY--PERSONAL NAME | |
| Personal name | University of Delhi. Faculty of Medical Sciences. Department of Surgery |
| 942 ## - ADDED ENTRY ELEMENTS (KOHA) | |
| Koha item type | Dissertations |
| Source of classification or shelving scheme | Colon Classification (CC) |
No items available.
